Výhľadové trendy potreby pitnej vody

Viaceré teoretické práce i niektoré vlastné analýzy dokazujú, že faktory, ktoré podmieňujú potrebu vody, sú dynamické so širokými väzbami, najmä na technickú úroveň, ekonomický systém, hodnotové priority, prírodné podmienky ap. Charakteristika prognózovania potreby pitnej vody. Vzťah celkovej dodávk...

Ausführliche Beschreibung

Gespeichert in:
Bibliographische Detailangaben
1. Verfasser: Jasaň, Imrich
Format: Buchkapitel
Sprache:Slowakisch
Schlagworte:
Tags: Tag hinzufügen
Keine Tags, Fügen Sie das erste Tag hinzu!

MARC

LEADER 00000naa a2200000 4500
001 r024544
005 20221205091525.7
041 0 |a slo 
044 |a SK 
245 1 0 |a Výhľadové trendy potreby pitnej vody  |c I. Jasaň 
520 |a Viaceré teoretické práce i niektoré vlastné analýzy dokazujú, že faktory, ktoré podmieňujú potrebu vody, sú dynamické so širokými väzbami, najmä na technickú úroveň, ekonomický systém, hodnotové priority, prírodné podmienky ap. Charakteristika prognózovania potreby pitnej vody. Vzťah celkovej dodávky vody a realizovanej ceny. 
610 2 0 |a voda 
610 2 0 |a voda pitná 
610 2 0 |a potreby obyvateľstva 
610 2 0 |a spotreba vody 
610 2 0 |a ceny 
100 1 |a Jasaň, Imrich